000 00503cam a2200169ua 4500
041 _aeng
_h
082 _a604.2
_bATK/PR
100 _aAtkins , C J .
245 _aPractical engineering drawing: text book for students for the first year national certificate in engineering /
_cC J Atkins.
_hTextual Documents
250 _a1 /
_b.
260 _aLondon :
_bEnglish Universities Press ,
_c1959.
300 _a177 ; .
504 _a
700 1 _aWard, G B C .
942 _cBK
999 _c8743
_d8743